| 000 | 00938nam a2200217 i 4500 | ||
|---|---|---|---|
| 001 | 161615 | ||
| 003 | ES-MaACL | ||
| 005 | 20251009063058.0 | ||
| 008 | 910305s1823 fr b |||| | fre d | ||
| 040 |
_aCAT _bspa _cCAT _dCCPB |
||
| 080 | _a090 | ||
| 100 | 1 |
_aPeignot, Gabriel, _d1767-1849 _9130935 |
|
| 245 | 1 | 0 |
_aManuel du bibliophile, ou Traité du choix des livres _b: contenant des développemens sur la nature des ouvrages les plus propres à former une collection précieuse, et particulièrement sur les chefs-d'uvre de la littérature sacrée, grecque, latine, française, étrangère ... / _cpar Gabriel Peignot. |
| 260 |
_aDijon : _bVictor Lagier, _c1823. |
||
| 300 |
_a2 v. (LX, 413; 492 p.) ; _c21 cm. |
||
| 500 | _aÍndice en el v. 2. | ||
| 650 | 7 |
_aBibliofilia _2embne _910514 |
|
| 650 | 4 |
_aLibros raros- _vBibliografías. _9136416 |
|
| 852 |
_aES-MaACL _jB-3960-61 _z-- Enc. hol. |
||
| 999 |
_c161615 _d161615 |
||